000 00476nam a22001697a 4500
008 170715b xxu||||| |||| 00| 0 eng d
020 _a9780070003606 (hbk.)
082 _223
_a658.81
_bADE
100 _aAdes, Leslie J.
245 _aManaging mavericks :
_bthe art of sales management
250 _a1st ed.
260 _aNew York
_bMcGraw Hill
_c1992
300 _axvii,222p.;
_c20 cm.
500 _aIt includes Index.
650 _2Management
_aManagement
942 _2ddc
_cBK
999 _c9746
_d9746